Tonantzin Guadalupe: pensamiento náhuatl y mensaje cristiano en el Nican Mopohua

Na minha lista:
Detalhes bibliográficos
Autor principal: León-Portilla, Miguel (Author)
Formato: Livro
Idioma:espanhol
Publicado em: Ciudad de México Fondo de Cultura Económica 2000
Assuntos:
Tags: Adicionar Tag
Sem tags, seja o primeiro a adicionar uma tag!

MARC

LEADER 00000nam a2200000 a 4500
001 UCM9244
003 CL-VaPUC
008 030417e20000000MX |||||||||||||||||spa|d
082 0 4 |a 972.02  |b LEO  |2 21 
100 |a León-Portilla, Miguel  |e author  |9 603138 
245 1 0 |a Tonantzin Guadalupe: pensamiento náhuatl y mensaje cristiano en el Nican Mopohua 
300 |a 202 p 
942 |c BK 
945 |d 20030417 00:00:00  |a vberengu 
260 |a Ciudad de México  |b Fondo de Cultura Económica  |c 2000 
650 0 |a Historia de México  |9 321806 
650 7 |a LITERATURA INDIGENA  |2 CL-VaPUC  |9 323166 
650 7 |a LITERATURA NAHUATL  |2 CL-VaPUC  |9 475656 
583 |a last modification  |c 20030417 00:00:00  |k Rodrigo Vera 
999 |c 303570  |d 303568 
952 |0 0  |1 0  |4 0  |6 972_020000000000000_LEO_2000  |7 0  |8 A  |9 364974  |a BIBHIS  |b BIBHIS  |d 2019-11-21  |i 3889327  |o 972.02 LEO 2000  |p 3889327  |r 2025-01-20  |w 2019-11-21  |y BK  |k HIS